Scottish vacant and derelict land survey 2011 (Record no. 113223)

MARC details
000 -LEADER
fixed length control field 01304cad a22002295a 4500
001 - CONTROL NUMBER
control field E154900
008 - FIXED-LENGTH DATA ELEMENTS--GENERAL INFORMATION
fixed length control field 120131e20120131stk f s000 0 eng d
020 ## - INTERNATIONAL STANDARD BOOK NUMBER
International Standard Book Number 9781780455525
035 ## - SYSTEM CONTROL NUMBER
System control number (Sirsi) u154900
041 0# - LANGUAGE CODE
Language code of text/sound track or separate title eng
050 04 - LIBRARY OF CONGRESS CALL NUMBER
Classification number 711.52 $2 18
110 1# - MAIN ENTRY--CORPORATE NAME
Corporate name or jurisdiction name as entry element Scotland
Subordinate unit Scottish Government
9 (RLIN) 5344
245 00 - TITLE STATEMENT
Title Scottish vacant and derelict land survey 2011
Medium [electronic resource]
260 ## - PUBLICATION, DISTRIBUTION, ETC.
Place of publication, distribution, etc. Edinburgh
Name of publisher, distributor, etc. Scottish Government
Date of publication, distribution, etc. 2012
520 ## - SUMMARY, ETC.
Summary, etc. Presents a summary of results from the 2012 Scottish Vacant and Derelict Land Survey (SVDLS), the 20th in the series. It is the only national data source for vacant and derelict land in Scotland. It highlights that there were 10 809 hectares of derelict and urban vacant land of which 23% were urban vacant and 77% were derelict. Since 2005, there has been an increase in the total amount of derelict and urban vacant (from 10 528 hectares in 2005 to 10 809 hectares in 2011). An average of 488 hectares of derelict and urban vacant land was brought back into use each year since 2005.
521 ## - TARGET AUDIENCE NOTE
Target audience note Introductory
590 ## - LOCAL NOTE (RLIN)
Local note KA
651 #4 - SUBJECT ADDED ENTRY--GEOGRAPHIC NAME
Geographic name Scotland
Chronological subdivision 1999-
690 ## - LOCAL SUBJECT ADDED ENTRY--TOPICAL TERM (OCLC, RLIN)
Topical term or geographic name as entry element Land use
9 (RLIN) 6251
856 40 - ELECTRONIC LOCATION AND ACCESS
Uniform Resource Identifier <a href="https://www.scotland.gov.uk/Publications/2012/01/9982">https://www.scotland.gov.uk/Publications/2012/01/9982</a>
Public note View the statistical bulletin free of charge at www.scotland.gov.uk...
942 ## - ADDED ENTRY ELEMENTS (KOHA)
Suppress in OPAC 0
Holdings
Withdrawn status Lost status Source of classification or shelving scheme Damaged status Not for loan Home library Current library Shelving location Date acquired Total Checkouts Full call number Barcode Date last seen Copy number Price effective from Koha item type
    Dewey Decimal Classification     Virtual Virtual Online 31/01/2012   ONLINE PUBLICATION 154900-2001 06/08/2019 1 06/08/2019 Book